Handbook of antimicrobial coatings /

Bibliographic Details
Corporate Author: ScienceDirect (Online service)
Other Authors: Tiwari, Atul (Editor)
Format: eBook
Language:English
Published: Amsterdam, Netherlands : Elsevier, [2018]
Subjects:
Online Access:Connect to the full text of this electronic book

MARC

Tag First Indicator Second Indicator Subfields
LEADER 00000nam a2200000 i 4500
001 in00004651321
006 m o d
007 cr |n|||||||||
008 170928s2018 ne obf 001 0 eng d
005 20230619015250.3
019 |a 1004739055  |a 1229723707 
020 |a 9780128119839  |q (electronic bk.) 
020 |a 0128119837  |q (electronic bk.) 
020 |z 0128119829 
020 |z 9780128119822 
024 8 |a 99993237655 
035 |a (OCoLC)1004837717  |z (OCoLC)1004739055  |z (OCoLC)1229723707 
040 |a YDX  |b eng  |e rda  |e pn  |c YDX  |d N$T  |d IDEBK  |d EBLCP  |d OPELS  |d N$T  |d MERER  |d OCLCQ  |d UPM  |d D6H  |d U3W  |d OCLCF  |d OCLCQ  |d S2H  |d OCLCO  |d LVT  |d OCLCQ  |d COM  |d OCLCO  |d K6U 
050 4 |a TA418.9.C57  |b H35 2018 
072 7 |a TEC  |x 009010  |2 bisacsh 
082 0 4 |a 667/.9  |2 23 
245 0 0 |a Handbook of antimicrobial coatings /  |c [edited by] Atul Tiwari. 
264 1 |a Amsterdam, Netherlands :  |b Elsevier,  |c [2018] 
264 4 |c ©2018 
300 |a 1 online resource. 
336 |a text  |b txt  |2 rdacontent 
337 |a computer  |b c  |2 rdamedia 
338 |a online resource  |b cr  |2 rdacarrier 
588 0 |a Print version record. 
504 |a Includes bibliographical references and index. 
505 0 |a Front Cover; Handbook of Antimicrobial Coatings; Handbook of Antimicrobial Coatings; Copyright; Contents; List of Contributors; 1 -- Antimicrobial Coatings-Technology Advancement or Scientific Myth; 1. Introduction; 2. Current State of Work; 3. The Industrial Product Analysis; 4. Conclusion; Acknowledgments; 2 -- Antimicrobial and Antifungal Treatments for US Army Applications; 1. Introduction; 2. Historical Perspective; 3. Military Textile Treatments in the Modern Warfare Era; 3.1 New Combat Theaters (1900-45); 3.2 Research Advancements in Textile Treatments (1945-74) 
505 8 |a 3.3 Environmental Impacts and Regulatory Challenges (1964-90)4. Recent US Army Textile Research Focus; 4.1 Deemphasis on Natural Biological Degradation; 4.2 Uniforms and Soldier Health; 5. Current Gaps and Needs; 5.1 Shelters; 5.2 Uniforms and Soldier Health; 5.3 Test Methods; 6. Conclusions; References; 3 -- Polymer-Based Antimicrobial Coatings as Potential Biomaterials: From Action to Application; 1. Introduction; 2. Basic Concepts of Antibacterial Coating; 2.1 Antiadhesive Approach; 2.2 Surfaces With Intrinsically Antibacterial Properties 
505 8 |a 2.2.1 Coating of Implant Surface by Antiinfective Metals2.2.1.1 Silver; 2.2.1.2 Copper; 2.2.1.3 Quaternary Ammonium Compounds; 2.2.1.4 Hydroxyapatite Ca10(Po4)6(OH)2; 2.3 Surface Coating With Photosensitizers; 2.4 Microorganism-Repellant Coatings; 2.4.1 Coatings Acting by Steric Repulsion and Their "Superhydrophilic" Properties; 2.4.2 Coatings Acting by Electrostatic Repulsion; 2.5 Coatings With Modified Surface Energy; 2.5.1 Hydrophilic and Hydrophobic Coatings; 2.5.2 Superhydrophilic and Superhydrophobic Coatings/Materials; 2.6 Coating by Using Enzymatic Activity 
505 8 |a 2.7 Nanostructured Surfaces and Coatings3. Evaluation of Antimicrobial Properties; 3.1 Principle of Antimicrobial Effectivity; 3.2 Evaluation Methods for Antibiotic Efficiency; 3.2.1 Various Methods of Antibiotic Susceptibility Testing; 3.2.1.1 Qualitative Methods; 3.2.1.1.1 Inoculum; 3.2.1.1.2 Disks; 3.2.1.1.3 Agar Medium; 3.2.1.1.4 Nutritional Requirements; 3.2.1.1.5 Incubation Temperature, Atmosphere, and Time; 3.2.1.1.6 Inoculum Growth; 3.2.1.1.7 Measuring Zones of Growth Inhibition; 3.2.2 Other Diffusion Methods; 3.2.2.1 Agar Well Diffusion Method; 3.2.2.2 Agar Plug Diffusion Method 
505 8 |a 3.2.2.3 Cross-Streak Method3.2.2.4 Poisoned Food Method; 3.2.3 Quantitative Methods: Dilution Method; 3.2.3.1 Broth Dilution Methods; 3.2.3.2 Agar Dilution Methods; 3.2.3.2.1 Macrobroth Dilution Tests; 3.2.3.2.2 Microbroth Dilution Tests; 3.2.3.2.3 Agar Dilution Method; 3.2.4 Thin-Layer Chromatography-Bioautography; 3.2.4.1 Agar Diffusion; 3.2.4.2 Direct Bioautography; 3.2.4.3 Agar Overlay Bioassay; 3.2.5 Time-Kill Test; 3.2.6 Adenosine Triphosphate Bioluminescence Assay; 3.2.7 Flow Cytofluorometric Method; 3.3 Factors; 3.3.1 Some Basic Factors That Affect the Antimicrobial Activity 
650 0 |a Coatings. 
650 0 |a Anti-infective agents  |x Industrial applications. 
650 6 |a Revêtements. 
650 6 |a Antiinfectieux  |x Applications industrielles. 
650 7 |a coating (material)  |2 aat 
650 7 |a TECHNOLOGY & ENGINEERING  |x Chemical & Biochemical.  |2 bisacsh 
650 7 |a Coatings.  |2 fast  |0 (OCoLC)fst00865859 
655 7 |a Electronic books.  |2 local 
700 1 |a Tiwari, Atul,  |e editor. 
710 2 |a ScienceDirect (Online service) 
776 1 8 |i Print version:  |t Handbook of antimicrobial coatings.  |d Amsterdam, Netherlands : Elsevier, [2018]  |z 0128119829  |z 9780128119822  |w (OCoLC)974026196 
856 4 0 |u http://proxy.library.tamu.edu/login?url=https://www.sciencedirect.com/science/book/9780128119822  |z Connect to the full text of this electronic book  |t 0 
945 |b 638697 
955 |a YBP purchased firm e-records 
999 f f |s bd50d5c0-e70d-4316-b85b-d47eef29022e  |i 19866388-cde1-4ab1-bfe7-0e21e03dab57  |t 0 
952 f f |a Texas A&M University  |b College Station  |c Electronic Resources  |d Available Online  |t 0  |e TA418.9.C57 H35 2018  |h Library of Congress classification 
998 f f |a TA418.9.C57 H35 2018  |t 0  |l Available Online